[Event "DEM U10 2021"]
[Site "Willingen GER"]
[Date "2021.08.26"]
[Round "6"]
[White "Burban, Bogdan"]
[Black "Lange, Friedrich"]
[Result "1-0"]
[Termination "normal"]
[Board "29"]
[WhiteElo "1062"]
[BlackElo "861"]
[WhiteClock "00:51:56"]
[BlackClock "01:09:35"]
[PlyCount "125"]
[WhiteFideId "34609040"]
[BlackFideId "34608915"]
[EventCountry "GER"]
[EventRounds "11"]
[EventType "swiss"]
[EventDate "2021.08.22"]

1. d4 {[%clk 01:15:58]} {[%emt 00:00:02]} d5 {[%clk 01:15:56]} {[%emt
00:00:04]} 2. c4 {[%clk 01:16:22]} {[%emt 00:00:06]} c6 {[%clk 01:16:16]}
{[%emt 00:00:10]} 3. cxd5 {[%clk 01:16:44]} {[%emt 00:00:07]} cxd5 {[%clk
01:16:35]} {[%emt 00:00:11]} 4. Nc3 {[%clk 01:16:54]} {[%emt 00:00:20]} Nf6
{[%clk 01:16:59]} {[%emt 00:00:06]} 5. Nf3 {[%clk 01:17:08]} {[%emt 00:00:16]}
Nc6 {[%clk 01:17:18]} {[%emt 00:00:11]} 6. Qb3 {[%clk 01:17:31]} {[%emt
00:00:08]} e6 {[%clk 01:17:35]} {[%emt 00:00:12]} 7. Bf4 {[%clk 01:16:08]}
{[%emt 00:01:53]} Bb4 {[%clk 01:17:43]} {[%emt 00:00:22]} 8. e3 {[%clk
01:15:51]} {[%emt 00:00:47]} O-O {[%clk 01:17:59]} {[%emt 00:00:15]} 9. Bb5
{[%clk 01:16:00]} {[%emt 00:00:21]} Bxc3+ {[%clk 01:18:12]} {[%emt 00:00:17]}
10. Qxc3 {[%clk 01:16:18]} {[%emt 00:00:11]} Bd7 {[%clk 01:18:08]} {[%emt
00:00:35]} 11. Bd3 {[%clk 01:14:58]} {[%emt 00:01:47]} Qa5 {[%clk 01:15:11]}
{[%emt 00:03:30]} 12. Qxa5 {[%clk 01:14:22]} {[%emt 00:01:06]} Nxa5 {[%clk
01:14:45]} {[%emt 00:00:55]} 13. b3 {[%clk 01:13:09]} {[%emt 00:01:44]} Rac8
{[%clk 01:14:40]} {[%emt 00:00:34]} 14. O-O {[%clk 01:13:11]} {[%emt 00:00:28]}
h6 {[%clk 01:14:20]} {[%emt 00:00:51]} 15. h3 {[%clk 01:12:15]} {[%emt
00:01:25]} a6 {[%clk 01:13:48]} {[%emt 00:01:03]} 16. Ne5 {[%clk 01:10:21]}
{[%emt 00:02:24]} Bc6 {[%clk 01:13:03]} {[%emt 00:01:14]} 17. Rac1 {[%clk
01:09:27]} {[%emt 00:01:23]} Rfe8 {[%clk 01:12:47]} {[%emt 00:00:46]} 18. Rc2
{[%clk 01:08:41]} {[%emt 00:01:17]} b5 {[%clk 01:12:18]} {[%emt 00:01:00]} 19.
b4 {[%clk 01:08:11]} {[%emt 00:00:59]} Nc4 {[%clk 01:12:19]} {[%emt 00:00:29]}
20. Rfc1 {[%clk 01:07:10]} {[%emt 00:01:32]} Nd7 {[%clk 01:10:53]} {[%emt
00:01:56]} 21. Nf3 {[%clk 01:06:28]} {[%emt 00:01:12]} a5 {[%clk 01:10:09]}
{[%emt 00:01:14]} 22. a3 {[%clk 01:05:15]} {[%emt 00:01:42]} a4 {[%clk
01:09:47]} {[%emt 00:00:52]} 23. Nd2 {[%clk 01:04:39]} {[%emt 00:01:06]} Ndb6
{[%clk 01:08:13]} {[%emt 00:02:04]} 24. Bd6 {[%clk 01:03:02]} {[%emt 00:02:07]}
Bd7 {[%clk 01:07:07]} {[%emt 00:01:36]} 25. Bc5 {[%clk 01:02:59]} {[%emt
00:00:33]} f6 {[%clk 01:06:35]} {[%emt 00:01:02]} 26. Bg6 {[%clk 01:01:58]}
{[%emt 00:01:31]} Red8 {[%clk 01:06:11]} {[%emt 00:00:54]} 27. Nxc4 {[%clk
01:01:45]} {[%emt 00:00:44]} Nxc4 {[%clk 01:06:07]} {[%emt 00:00:30]} 28. Be7
{[%clk 01:00:45]} {[%emt 00:01:33]} Nxa3 {[%clk 01:05:59]} {[%emt 00:00:38]}
29. Bxd8 {[%clk 01:00:12]} {[%emt 00:01:02]} Nxc2 {[%clk 01:06:14]} {[%emt
00:00:17]} 30. Rxc2 {[%clk 01:00:27]} {[%emt 00:00:14]} Rxc2 {[%clk 01:06:30]}
{[%emt 00:00:14]} 31. Bxc2 {[%clk 01:00:45]} {[%emt 00:00:12]} a3 {[%clk
01:05:49]} {[%emt 00:01:11]} 32. Bb1 {[%clk 01:00:53]} {[%emt 00:00:23]} Kf8
{[%clk 01:06:02]} {[%emt 00:00:16]} 33. Kf1 {[%clk 01:01:00]} {[%emt 00:00:23]}
Ke8 {[%clk 01:06:15]} {[%emt 00:00:18]} 34. Bb6 {[%clk 01:00:44]} {[%emt
00:00:45]} g5 {[%clk 01:06:25]} {[%emt 00:00:20]} 35. Ke2 {[%clk 01:00:03]}
{[%emt 00:01:11]} Kf7 {[%clk 01:06:31]} {[%emt 00:00:24]} 36. g4 {[%clk
01:00:03]} {[%emt 00:00:30]} f5 {[%clk 01:06:51]} {[%emt 00:00:11]} 37. f3
{[%clk 00:59:34]} {[%emt 00:00:59]} Kf6 {[%clk 01:07:04]} {[%emt 00:00:16]} 38.
Kd3 {[%clk 00:58:10]} {[%emt 00:01:54]} Kg6 {[%clk 01:07:05]} {[%emt 00:00:30]}
39. gxf5+ {[%clk 00:57:45]} {[%emt 00:00:55]} exf5 {[%clk 01:07:16]} {[%emt
00:00:20]} 40. e4 {[%clk 00:57:32]} {[%emt 00:00:43]} Be6 {[%clk 01:07:08]}
{[%emt 00:00:37]} 41. e5 {[%clk 00:56:23]} {[%emt 00:01:40]} f4 {[%clk
01:06:50]} {[%emt 00:00:47]} 42. Ke2+ {[%clk 00:56:32]} {[%emt 00:00:20]} Bf5
{[%clk 01:07:04]} {[%emt 00:00:18]} 43. Ba2 {[%clk 00:56:27]} {[%emt 00:00:35]}
Bxh3 {[%clk 01:07:15]} {[%emt 00:00:18]} 44. Bxd5 {[%clk 00:56:25]} {[%emt
00:00:31]} Bf5 {[%clk 01:07:06]} {[%emt 00:00:40]} 45. Ba2 {[%clk 00:56:05]}
{[%emt 00:00:50]} h5 {[%clk 01:07:15]} {[%emt 00:00:21]} 46. d5 {[%clk
00:55:57]} {[%emt 00:00:38]} g4 {[%clk 01:07:30]} {[%emt 00:00:16]} 47. e6
{[%clk 00:55:41]} {[%emt 00:00:45]} Kg7 {[%clk 01:07:26]} {[%emt 00:00:34]} 48.
e7 {[%clk 00:55:32]} {[%emt 00:00:39]} Kf7 {[%clk 01:07:41]} {[%emt 00:00:15]}
49. d6+ {[%clk 00:55:46]} {[%emt 00:00:16]} Ke8 {[%clk 01:07:55]} {[%emt
00:00:16]} 50. Kf2 {[%clk 00:52:53]} {[%emt 00:03:24]} g3+ {[%clk 01:08:13]}
{[%emt 00:00:12]} 51. Kg2 {[%clk 00:53:05]} {[%emt 00:00:17]} h4 {[%clk
01:08:26]} {[%emt 00:00:18]} 52. Kg1 {[%clk 00:52:44]} {[%emt 00:00:50]} h3
{[%clk 01:08:39]} {[%emt 00:00:17]} 53. Bb3 {[%clk 00:52:27]} {[%emt 00:00:47]}
h2+ {[%clk 01:08:58]} {[%emt 00:00:11]} 54. Kh1 {[%clk 00:52:46]} {[%emt
00:00:12]} Bh3 {[%clk 01:09:05]} {[%emt 00:00:23]} 55. Ba2 {[%clk 00:51:27]}
{[%emt 00:01:49]} Bg4 {[%clk 01:08:45]} {[%emt 00:00:49]} 56. fxg4 {[%clk
00:51:23]} {[%emt 00:00:34]} f3 {[%clk 01:09:06]} {[%emt 00:00:10]} 57. Bf7+
{[%clk 00:51:24]} {[%emt 00:00:28]} Kxf7 {[%clk 01:08:51]} {[%emt 00:00:45]}
58. d7 {[%clk 00:51:30]} {[%emt 00:00:25]} a2 {[%clk 01:09:12]} {[%emt
00:00:10]} 59. e8=Q+ {[%clk 00:51:42]} {[%emt 00:00:12]} Kf6 {[%clk 01:09:32]}
{[%emt 00:00:15]} 60. d8=Q+ {[%clk 00:51:56]} {[%emt 00:00:16]} Kg7 {[%clk
01:09:35]} 61. Bd4+ {[%clk 00:51:56]} Kh7 {[%clk 01:09:35]} 62. Qde7+ {[%clk
00:51:56]} Kh6 {[%clk 01:09:35]} 63. Qg7# {[%clk 00:51:56]} 1-0

[Event "DEM U10 2021"]
[Site "Willingen GER"]
[Date "2021.08.26"]
[Round "7"]
[White "Glöckler, Christian"]
[Black "Nemitz, Alfred"]
[Result "1-0"]
[Termination "normal"]
[Board "1"]
[WhiteElo "1581"]
[BlackElo "1280"]
[WhiteClock "01:07:53"]
[BlackClock "00:19:54"]
[PlyCount "73"]
[WhiteFideId "34608966"]
[BlackFideId "34601791"]
[EventCountry "GER"]
[EventRounds "11"]
[EventType "swiss"]
[EventDate "2021.08.22"]

1. e4 {[%clk 01:15:58]} {[%emt 00:00:02]} d6 {[%clk 01:15:51]} {[%emt
00:00:09]} 2. d4 {[%clk 01:16:04]} {[%emt 00:00:25]} Nf6 {[%clk 01:16:15]}
{[%emt 00:00:05]} 3. Bd3 {[%clk 01:16:14]} {[%emt 00:00:21]} e5 {[%clk
01:16:10]} {[%emt 00:00:34]} 4. d5 {[%clk 01:16:23]} {[%emt 00:00:22]} Nbd7
{[%emt 00:01:18]} 5. Be3 {[%clk 01:16:28]} {[%emt 00:00:01]} g6 {[%clk
01:14:18]} {[%emt 00:01:58]} 6. Ne2 {[%clk 01:16:31]} {[%emt 00:00:27]} Bg7
{[%clk 01:13:46]} {[%emt 00:01:01]} 7. O-O {[%clk 01:16:34]} {[%emt 00:00:28]}
O-O {[%clk 01:13:47]} {[%emt 00:00:27]} 8. c4 {[%clk 01:16:36]} {[%emt
00:00:30]} a5 {[%clk 01:14:01]} {[%emt 00:00:16]} 9. Nbc3 {[%clk 01:16:37]}
{[%emt 00:00:29]} Ng4 {[%clk 01:14:00]} {[%emt 00:00:30]} 10. Bd2 {[%clk
01:16:05]} {[%emt 00:01:04]} Nc5 {[%clk 01:14:11]} {[%emt 00:00:20]} 11. Bc2
{[%clk 01:16:11]} {[%emt 00:00:23]} f5 {[%clk 01:13:27]} {[%emt 00:01:14]} 12.
f3 {[%clk 01:16:17]} {[%emt 00:00:25]} Nf6 {[%clk 01:13:42]} {[%emt 00:00:14]}
13. a3 {[%clk 01:14:52]} {[%emt 00:01:55]} f4 {[%clk 01:13:02]} {[%emt
00:01:09]} 14. b4 {[%clk 01:14:36]} {[%emt 00:00:47]} axb4 {[%clk 01:09:32]}
{[%emt 00:04:00]} 15. axb4 {[%clk 01:14:47]} {[%emt 00:00:19]} Rxa1 {[%clk
01:09:51]} {[%emt 00:00:10]} 16. Qxa1 {[%clk 01:15:09]} {[%emt 00:00:09]} Na6
{[%clk 01:09:31]} {[%emt 00:00:50]} 17. Rb1 {[%clk 01:14:55]} {[%emt 00:00:44]}
g5 {[%clk 01:09:25]} {[%emt 00:00:36]} 18. Bd3 {[%clk 01:14:48]} {[%emt
00:00:37]} g4 {[%clk 01:07:49]} {[%emt 00:02:05]} 19. Kh1 {[%clk 01:13:43]}
{[%emt 00:01:36]} gxf3 {[%clk 01:07:37]} {[%emt 00:00:42]} 20. gxf3 {[%clk
01:14:03]} {[%emt 00:00:10]} Nh5 {[%clk 01:01:48]} {[%emt 00:06:19]} 21. Na4
{[%clk 01:12:31]} {[%emt 00:02:02]} Qf6 {[%clk 00:38:11]} {[%emt 00:24:05]} 22.
b5 {[%clk 01:12:12]} {[%emt 00:00:51]} Ng3+ {[%clk 00:37:26]} {[%emt 00:01:15]}
23. Kg1 {[%clk 01:09:17]} {[%emt 00:03:25]} Nxe2+ {[%clk 00:32:33]} {[%emt
00:05:23]} 24. Bxe2 {[%clk 01:09:34]} {[%emt 00:00:12]} Nc5 {[%clk 00:32:52]}
{[%emt 00:00:12]} 25. Nxc5 {[%clk 01:09:05]} {[%emt 00:00:59]} dxc5 {[%clk
00:33:11]} {[%emt 00:00:11]} 26. Kh1 {[%clk 01:09:06]} {[%emt 00:00:28]} Qh4
{[%clk 00:31:40]} {[%emt 00:02:01]} 27. Rg1 {[%clk 01:09:00]} {[%emt 00:00:37]}
Bh3 {[%clk 00:29:14]} {[%emt 00:02:54]} 28. Qxe5 {[%clk 01:08:02]} {[%emt
00:01:29]} Qh6 {[%clk 00:25:54]} {[%emt 00:03:50]} 29. Bc3 {[%clk 01:07:22]}
{[%emt 00:01:10]} Rf7 {[%clk 00:23:55]} {[%emt 00:02:29]} 30. Qe8+ {[%clk
01:07:06]} {[%emt 00:00:45]} Rf8 {[%clk 00:22:44]} {[%emt 00:01:42]} 31. Qe7
{[%clk 01:07:10]} {[%emt 00:00:25]} Rf7 {[%clk 00:22:07]} {[%emt 00:01:07]} 32.
Qd8+ {[%clk 01:07:05]} {[%emt 00:00:36]} Rf8 {[%clk 00:21:42]} {[%emt
00:00:56]} 33. Qxc7 {[%clk 01:07:23]} {[%emt 00:00:12]} Rf7 {[%clk 00:18:58]}
{[%emt 00:03:14]} 34. Qb8+ {[%clk 01:07:30]} {[%emt 00:00:22]} Rf8 {[%clk
00:19:21]} {[%emt 00:00:07]} 35. Qxb7 {[%clk 01:07:41]} {[%emt 00:00:20]} Rf7
{[%clk 00:19:31]} {[%emt 00:00:19]} 36. Qb8+ {[%clk 01:07:37]} {[%emt
00:00:33]} Rf8 {[%clk 00:19:54]} {[%emt 00:00:07]} 37. Bxg7 {[%clk 01:07:53]}
{[%emt 00:00:14]} 1-0

[Event "DEM U10 2021"]
[Site "Willingen GER"]
[Date "2021.08.26"]
[Round "7"]
[White "Herrmann, Arthur"]
[Black "Sydykov, Bayastan"]
[Result "1-0"]
[Termination "normal"]
[Board "2"]
[WhiteElo "1191"]
[BlackElo "1209"]
[WhiteClock "00:21:23"]
[BlackClock "00:15:27"]
[PlyCount "111"]
[WhiteFideId "16287150"]
[BlackFideId "13829610"]
[EventCountry "GER"]
[EventRounds "11"]
[EventType "swiss"]
[EventDate "2021.08.22"]

1. e4 {[%clk 01:15:57]} {[%emt 00:00:03]} e6 {[%clk 01:15:52]} {[%emt
00:00:07]} 2. d4 {[%clk 01:16:23]} {[%emt 00:00:04]} d5 {[%clk 01:16:17]}
{[%emt 00:00:06]} 3. Nc3 {[%clk 01:16:47]} {[%emt 00:00:06]} Nf6 {[%clk
01:16:41]} {[%emt 00:00:07]} 4. e5 {[%clk 01:17:09]} {[%emt 00:00:08]} Nfd7
{[%clk 01:16:56]} {[%emt 00:00:13]} 5. Nce2 {[%clk 01:17:27]} {[%emt 00:00:12]}
c5 {[%clk 01:15:36]} {[%emt 00:01:50]} 6. c3 {[%clk 01:17:49]} {[%emt
00:00:09]} Nc6 {[%clk 01:14:28]} {[%emt 00:01:37]} 7. f4 {[%clk 01:18:02]}
{[%emt 00:00:17]} cxd4 {[%clk 01:14:19]} {[%emt 00:00:40]} 8. cxd4 {[%clk
01:18:14]} {[%emt 00:00:17]} Bb4+ {[%clk 01:13:30]} {[%emt 00:01:19]} 9. Bd2
{[%clk 01:17:22]} {[%emt 00:01:22]} Nb6 {[%clk 01:11:12]} {[%emt 00:02:48]} 10.
Bxb4 {[%clk 01:14:01]} {[%emt 00:03:52]} Nxb4 {[%clk 01:11:03]} {[%emt
00:00:38]} 11. Nc3 {[%clk 01:13:29]} {[%emt 00:01:01]} a6 {[%clk 01:07:52]}
{[%emt 00:03:41]} 12. Nf3 {[%clk 01:11:27]} {[%emt 00:02:32]} Nc6 {[%clk
01:04:52]} {[%emt 00:03:30]} 13. Bd3 {[%clk 01:08:08]} {[%emt 00:03:49]} f6
{[%clk 01:00:32]} {[%emt 00:04:50]} 14. O-O {[%clk 01:05:08]} {[%emt 00:03:30]}
f5 {[%clk 01:00:44]} {[%emt 00:00:18]} 15. a3 {[%clk 01:01:55]} {[%emt
00:03:42]} h6 {[%clk 01:00:37]} {[%emt 00:00:37]} 16. Qd2 {[%clk 00:56:56]}
{[%emt 00:05:30]} Nd7 {[%clk 00:56:27]} {[%emt 00:04:39]} 17. Be2 {[%clk
00:54:07]} {[%emt 00:03:20]} Nf8 {[%clk 00:54:44]} {[%emt 00:02:12]} 18. g3
{[%clk 00:50:44]} {[%emt 00:03:54]} g6 {[%clk 00:54:01]} {[%emt 00:01:14]} 19.
b4 {[%clk 00:49:25]} {[%emt 00:01:49]} Qe7 {[%clk 00:51:34]} {[%emt 00:02:50]}
20. b5 {[%clk 00:47:09]} {[%emt 00:02:51]} Nd8 {[%clk 00:51:56]} {[%emt
00:00:07]} 21. Rfc1 {[%clk 00:43:07]} {[%emt 00:04:32]} Nf7 {[%clk 00:51:29]}
{[%emt 00:00:56]} 22. Na4 {[%clk 00:41:47]} {[%emt 00:01:52]} Nd7 {[%clk
00:51:17]} {[%emt 00:00:39]} 23. Rc7 {[%clk 00:40:47]} {[%emt 00:01:31]} Qd8
{[%clk 00:51:15]} {[%emt 00:00:31]} 24. Rac1 {[%clk 00:40:12]} {[%emt
00:01:06]} g5 {[%emt 00:01:21]} 25. Qc3 {[%clk 00:39:03]} {[%emt 00:01:36]} O-O
{[%clk 00:49:41]} {[%emt 00:01:18]} 26. b6 {[%clk 00:36:38]} {[%emt 00:02:53]}
Kh8 {[%clk 00:48:37]} {[%emt 00:01:33]} 27. Kh1 {[%clk 00:34:18]} {[%emt
00:02:51]} h5 {[%clk 00:43:59]} {[%emt 00:05:07]} 28. fxg5 {[%clk 00:32:58]}
{[%emt 00:01:52]} Nxg5 {[%clk 00:44:08]} {[%emt 00:00:21]} 29. Qd2 {[%clk
00:31:59]} {[%emt 00:01:26]} f4 {[%clk 00:42:45]} {[%emt 00:01:55]} 30. Nh4
{[%clk 00:26:11]} {[%emt 00:06:19]} Ne4 {[%clk 00:42:44]} {[%emt 00:00:30]} 31.
Ng6+ {[%clk 00:26:24]} {[%emt 00:00:18]} Kg8 {[%clk 00:42:07]} {[%emt
00:01:07]} 32. Qe1 {[%clk 00:25:42]} {[%emt 00:01:00]} fxg3 {[%clk 00:41:24]}
{[%emt 00:01:23]} 33. Rxc8 {[%clk 00:24:00]} {[%emt 00:02:15]} g2+ {[%clk
00:40:46]} {[%emt 00:01:06]} 34. Kg1 {[%clk 00:23:35]} {[%emt 00:00:56]} Qg5
{[%clk 00:40:45]} {[%emt 00:00:29]} 35. Nxf8 {[%clk 00:22:06]} {[%emt
00:02:01]} Rxc8 {[%clk 00:39:42]} {[%emt 00:01:33]} 36. Rxc8 {[%clk 00:22:16]}
{[%emt 00:00:21]} Nxf8 {[%clk 00:39:33]} {[%emt 00:00:37]} 37. Nc5 {[%clk
00:20:28]} {[%emt 00:02:14]} Nxc5 {[%clk 00:32:40]} {[%emt 00:07:27]} 38. Rxc5
{[%clk 00:20:20]} {[%emt 00:00:38]} h4 {[%clk 00:32:03]} {[%emt 00:01:06]} 39.
Qf2 {[%clk 00:19:23]} {[%emt 00:01:25]} Ng6 {[%clk 00:31:08]} {[%emt 00:01:28]}
40. Qxg2 {[%clk 00:18:11]} {[%emt 00:01:41]} Qe3+ {[%clk 00:31:02]} {[%emt
00:00:36]} 41. Kh1 {[%clk 00:18:00]} {[%emt 00:00:37]} Qh6 {[%clk 00:23:51]}
{[%emt 00:07:46]} 42. Bd3 {[%clk 00:17:26]} {[%emt 00:01:04]} h3 {[%clk
00:12:27]} {[%emt 00:11:54]} 43. Qxg6+ {[%clk 00:17:43]} {[%emt 00:00:14]} Qxg6
{[%clk 00:12:42]} {[%emt 00:00:14]} 44. Bxg6 {[%clk 00:18:05]} {[%emt
00:00:07]} Kg7 {[%clk 00:12:47]} {[%emt 00:00:25]} 45. Bd3 {[%clk 00:18:28]}
{[%emt 00:00:08]} Kh6 {[%clk 00:13:01]} {[%emt 00:00:16]} 46. Bxa6 {[%clk
00:18:45]} {[%emt 00:00:13]} Kg5 {[%clk 00:13:10]} {[%emt 00:00:19]} 47. Bxb7
{[%clk 00:19:08]} {[%emt 00:00:09]} Kf4 {[%clk 00:13:30]} {[%emt 00:00:09]} 48.
Bc6 {[%emt 00:00:27]} Ke4 {[%clk 00:13:49]} {[%emt 00:00:10]} 49. b7 {[%clk
00:19:35]} {[%emt 00:00:09]} Kxd4 {[%clk 00:14:11]} {[%emt 00:00:08]} 50. Rc1
{[%clk 00:20:00]} {[%emt 00:00:06]} Kxe5 {[%clk 00:14:28]} {[%emt 00:00:12]}
51. b8=Q+ {[%clk 00:20:18]} {[%emt 00:00:12]} Ke4 {[%clk 00:14:42]} {[%emt
00:00:16]} 52. Re1+ {[%clk 00:20:32]} {[%emt 00:00:17]} Kf5 {[%clk 00:14:50]}
{[%emt 00:00:22]} 53. Qe5+ {[%clk 00:20:55]} {[%emt 00:00:07]} Kg6 {[%clk
00:15:02]} {[%emt 00:00:18]} 54. Rg1+ {[%clk 00:21:14]} {[%emt 00:00:11]} Kh6
{[%clk 00:15:06]} {[%emt 00:00:25]} 55. Qg7+ {[%clk 00:21:30]} {[%emt
00:00:13]} Kh5 {[%clk 00:15:27]} {[%emt 00:00:11]} 56. Qh7# {[%clk 00:21:23]}
{[%emt 00:00:04]} 1-0

[Event "DEM U10 2021"]
[Site "Willingen GER"]
[Date "2021.08.26"]
[Round "7"]
[White "Buchinger, Alexis"]
[Black "Zhang, Yibo"]
[Result "1-0"]
[Termination "normal"]
[Board "3"]
[WhiteElo "1578"]
[BlackElo "1313"]
[WhiteClock "00:23:52"]
[BlackClock "00:28:05"]
[PlyCount "129"]
[WhiteFideId "16287134"]
[BlackFideId "16287657"]
[EventCountry "GER"]
[EventRounds "11"]
[EventType "swiss"]
[EventDate "2021.08.22"]

1. e4 {[%clk 01:15:56]} {[%emt 00:00:04]} d6 {[%clk 01:15:53]} {[%emt
00:00:07]} 2. d4 {[%clk 01:16:15]} {[%emt 00:00:11]} Nf6 {[%clk 01:16:17]}
{[%emt 00:00:05]} 3. Bd3 {[%clk 01:15:38]} {[%emt 00:01:08]} e5 {[%clk
01:16:15]} {[%emt 00:00:32]} 4. dxe5 {[%clk 01:15:27]} {[%emt 00:00:41]} dxe5
{[%clk 01:16:36]} {[%emt 00:00:08]} 5. Nf3 {[%clk 01:15:41]} {[%emt 00:00:17]}
Nc6 {[%clk 01:16:41]} {[%emt 00:00:25]} 6. O-O {[%emt 00:01:48]} Bd6 {[%clk
01:13:10]} {[%emt 00:03:59]} 7. Nc3 {[%clk 01:13:36]} {[%emt 00:01:18]} O-O
{[%clk 01:11:50]} {[%emt 00:01:51]} 8. Bg5 {[%clk 01:13:11]} {[%emt 00:00:54]}
h6 {[%clk 01:11:56]} {[%emt 00:00:25]} 9. Bh4 {[%clk 01:13:14]} {[%emt
00:00:27]} g5 {[%clk 01:11:41]} {[%emt 00:00:44]} 10. Bg3 {[%clk 01:13:04]}
{[%emt 00:00:41]} Nh7 {[%clk 01:08:39]} {[%emt 00:03:31]} 11. Bb5 {[%clk
01:10:34]} {[%emt 00:03:00]} Re8 {[%clk 01:04:59]} {[%emt 00:04:10]} 12. Bxc6
{[%clk 01:05:36]} {[%emt 00:05:28]} bxc6 {[%clk 01:05:15]} {[%emt 00:00:14]}
13. Nxe5 {[%clk 01:04:25]} {[%emt 00:01:40]} Ba6 {[%clk 00:58:20]} {[%emt
00:07:26]} 14. Nd3 {[%clk 01:03:14]} {[%emt 00:01:41]} Bxg3 {[%clk 00:56:51]}
{[%emt 00:01:59]} 15. fxg3 {[%clk 01:00:50]} {[%emt 00:02:52]} Qd4+ {[%clk
00:56:26]} {[%emt 00:00:56]} 16. Kh1 {[%clk 01:00:57]} {[%emt 00:00:24]} Rad8
{[%clk 00:56:11]} {[%emt 00:00:44]} 17. Qh5 {[%clk 01:00:33]} {[%emt 00:00:54]}
Qg7 {[%clk 00:53:47]} {[%emt 00:02:54]} 18. Rad1 {[%clk 00:57:58]} {[%emt
00:03:04]} Rd4 {[%clk 00:50:09]} {[%emt 00:04:09]} 19. Rf5 {[%clk 00:54:52]}
{[%emt 00:03:35]} Nf6 {[%clk 00:49:47]} {[%emt 00:00:53]} 20. Qf3 {[%clk
00:53:17]} {[%emt 00:02:03]} Nxe4 {[%clk 00:48:20]} {[%emt 00:01:59]} 21. Re1
{[%clk 00:47:41]} {[%emt 00:06:00]} Bxd3 {[%clk 00:44:31]} {[%emt 00:04:24]}
22. cxd3 {[%clk 00:47:41]} {[%emt 00:00:31]} g4 {[%clk 00:42:31]} {[%emt
00:02:30]} 23. Qf4 {[%clk 00:44:13]} {[%emt 00:03:53]} Nd6 {[%clk 00:39:24]}
{[%emt 00:03:42]} 24. Rxe8+ {[%clk 00:44:29]} {[%emt 00:00:14]} Nxe8 {[%clk
00:39:46]} {[%emt 00:00:07]} 25. Rxf7 {[%clk 00:39:26]} {[%emt 00:05:34]} Qxf7
{[%clk 00:39:08]} {[%emt 00:01:09]} 26. Qxd4 {[%clk 00:39:47]} {[%emt
00:00:09]} Qf1+ {[%clk 00:39:19]} {[%emt 00:00:18]} 27. Qg1 {[%clk 00:40:12]}
{[%emt 00:00:05]} Qxd3 {[%clk 00:39:02]} {[%emt 00:00:48]} 28. Qxa7 {[%clk
00:33:45]} {[%emt 00:06:56]} Qf1+ {[%clk 00:37:04]} {[%emt 00:02:28]} 29. Qg1
{[%clk 00:34:02]} {[%emt 00:00:14]} Qd3 {[%clk 00:37:17]} {[%emt 00:00:19]} 30.
Qd1 {[%clk 00:34:15]} {[%emt 00:00:14]} Qc4 {[%clk 00:37:21]} {[%emt 00:00:27]}
31. Qe2 {[%clk 00:33:43]} {[%emt 00:01:00]} Qxe2 {[%clk 00:37:04]} {[%emt
00:00:49]} 32. Nxe2 {[%clk 00:34:10]} {[%emt 00:00:03]} Kf7 {[%clk 00:37:22]}
{[%emt 00:00:12]} 33. Kg1 {[%clk 00:34:10]} {[%emt 00:00:30]} Ke6 {[%clk
00:37:09]} {[%emt 00:00:43]} 34. Kf2 {[%clk 00:34:13]} {[%emt 00:00:27]} Ke5
{[%clk 00:37:02]} {[%emt 00:00:37]} 35. Ke3 {[%clk 00:33:22]} {[%emt 00:01:20]}
Nd6 {[%clk 00:37:12]} {[%emt 00:00:21]} 36. b3 {[%clk 00:31:15]} {[%emt
00:02:37]} c5 {[%clk 00:36:30]} {[%emt 00:01:12]} 37. h3 {[%clk 00:30:01]}
{[%emt 00:01:40]} h5 {[%clk 00:35:49]} {[%emt 00:01:16]} 38. a4 {[%clk
00:28:53]} {[%emt 00:01:38]} Nf5+ {[%clk 00:30:51]} {[%emt 00:05:28]} 39. Kd3
{[%clk 00:28:43]} {[%emt 00:00:39]} Kd6 {[%clk 00:30:49]} {[%emt 00:00:33]} 40.
Ke4 {[%clk 00:27:55]} {[%emt 00:01:17]} Ng7 {[%clk 00:26:47]} {[%emt 00:04:34]}
41. Kf4 {[%clk 00:25:01]} {[%emt 00:03:24]} Ne6+ {[%clk 00:26:23]} {[%emt
00:00:53]} 42. Ke4 {[%clk 00:22:39]} {[%emt 00:02:52]} gxh3 {[%clk 00:26:23]}
{[%emt 00:00:29]} 43. gxh3 {[%clk 00:22:53]} {[%emt 00:00:16]} Ng5+ {[%clk
00:26:48]} {[%emt 00:00:06]} 44. Kf5 {[%clk 00:19:30]} {[%emt 00:03:53]} Nxh3
{[%clk 00:26:38]} {[%emt 00:00:40]} 45. Nf4 {[%clk 00:19:25]} {[%emt 00:00:36]}
Nxf4 {[%clk 00:25:47]} {[%emt 00:01:21]} 46. Kxf4 {[%clk 00:18:56]} {[%emt
00:00:58]} Kc6 {[%clk 00:25:51]} {[%emt 00:00:26]} 47. Kg5 {[%clk 00:19:18]}
{[%emt 00:00:09]} Kb6 {[%clk 00:26:07]} {[%emt 00:00:15]} 48. Kxh5 {[%clk
00:19:43]} {[%emt 00:00:04]} Ka5 {[%clk 00:26:33]} {[%emt 00:00:05]} 49. g4
{[%clk 00:19:59]} {[%emt 00:00:14]} Kb4 {[%clk 00:26:55]} {[%emt 00:00:07]} 50.
g5 {[%clk 00:20:25]} {[%emt 00:00:05]} Kxb3 {[%clk 00:27:12]} {[%emt 00:00:13]}
51. g6 {[%clk 00:20:49]} {[%emt 00:00:05]} Kxa4 {[%clk 00:27:27]} {[%emt
00:00:15]} 52. g7 {[%clk 00:21:14]} {[%emt 00:00:05]} c4 {[%clk 00:27:52]}
{[%emt 00:00:06]} 53. g8=Q {[%clk 00:21:34]} {[%emt 00:00:09]} Kb3 {[%clk
00:28:02]} {[%emt 00:00:19]} 54. Qg5 {[%clk 00:21:40]} {[%emt 00:00:23]} Kc2
{[%clk 00:27:51]} {[%emt 00:00:43]} 55. Kg4 {[%clk 00:21:53]} {[%emt 00:00:17]}
c3 {[%clk 00:28:14]} {[%emt 00:00:06]} 56. Kf3 {[%clk 00:22:15]} {[%emt
00:00:08]} Kb2 {[%clk 00:28:28]} {[%emt 00:00:16]} 57. Qb5+ {[%clk 00:22:35]}
{[%emt 00:00:10]} Kc1 {[%clk 00:27:50]} {[%emt 00:01:09]} 58. Ke2 {[%clk
00:22:44]} {[%emt 00:00:20]} c6 {[%clk 00:27:40]} {[%emt 00:00:40]} 59. Qb3
{[%clk 00:23:00]} {[%emt 00:00:14]} c5 {[%clk 00:27:27]} {[%emt 00:00:44]} 60.
Qxc3+ {[%clk 00:23:02]} {[%emt 00:00:29]} Kb1 {[%clk 00:27:40]} {[%emt
00:00:16]} 61. Kd3 {[%clk 00:22:55]} {[%emt 00:00:37]} c4+ {[%clk 00:27:27]}
{[%emt 00:00:43]} 62. Kxc4 {[%clk 00:23:15]} {[%emt 00:00:10]} Ka2 {[%clk
00:27:45]} {[%emt 00:00:12]} 63. Qd2+ {[%clk 00:23:33]} {[%emt 00:00:12]} Ka3
{[%clk 00:27:45]} {[%emt 00:00:29]} 64. Qh2 {[%clk 00:23:52]} {[%emt 00:00:10]}
Ka4 {[%clk 00:28:05]} {[%emt 00:00:12]} 65. Qa2# {[%emt 00:00:08]} 1-0